000 00781nam a22002657a 4500
001 BR7375134
003 BR-BrBNA
005 20230928084408.0
007 ta
008 230509b bl.||||| |||| 00| 0 por d
040 _aBR-BrBNA
_bpor
_cBiblioteca Nacional de Agricultura
041 _a(Por)
072 _aE50
_b/G514
090 _ E50 BR7375134
110 1 _aInstituto Brasileiro de Economia, Rio de Janeiro, GB (Brasil). Centro de Estudos Agricolas
_95757
245 1 _aEstado de Pernambuco, orcamentos familiares rurais [renda; consumo; Brasil]
260 3 _aRio de Janeiro, GB (Brasil):
_c1970.
300 _a116 P>
650 _aPERNAMBUCO
650 _aRENDA
650 _aCONSUMO
650 _aORCAMENTO
909 _a202309
_bLucia
_c55
_dLucia Elande
942 _cBK
999 _c18654
_d18654